000 00191 a2200097 4500
020 _a9780395799130
041 _aspa
100 _afreeman,David
245 _aDetectives Dinamicos
942 _cBK
999 _c31858
_d31856